000 02123cam a22004934i 4500
003 PE-LiUPU
005 20250731165546.0
008 150625s r 000 0 d
035 _a(Sirsi) a33938
035 _a(Sirsi) a33938
040 _aPE-LiUPU
_bspa
_cPE-LiUPU
_erda
082 0 4 _a985.04
_bD
_223
100 1 _aTamayo Vargas, Augusto,
_d1914-1992,
_eautor.
245 1 4 _aLos Ideólogos :
_nvolumen 10.
_bJosé Faustino Sánchez Carrión /
_crecopilación e investigación por Augusto Tamayo Vargas y César Pacheco Vélez.
264 1 _aLima :
_bComisión Nacional del Sesquicentenario de la Independencia del Perú,
_c1975.
300 _a415 páginas ;
_c24 centímetros.
336 _atext
_2rdacontent
337 _aunmediated
_2rdamedia
338 _avolume
_2rdacarrier
490 0 _aColección Documental de la Independencia del Perú ;
_vt1
505 _aLa primera corte superior de justicia republicana y Sánchez Carrión -- Oficios y circulares de Sánchez Carrión -- Oficios y circulares (Huamachuco y Caraz) -- Oficios y circulares (Huaraz) -- Oficios y circulares (Huánuco) -- Oficios y circulares (Huariaca) -- Oficios y circulares (Cerro de Pasco) -- Oficios y circulares (Huancayo, Tongos, Pampas y Colcabamba) -- Oficios y circulares (Huamanga).
526 _aSEG44
526 _aSEG26
526 _aP151
526 _aP150
526 _aP149
526 _aP146
526 _aP145
526 _aP126
526 _aP125
526 _aP92
526 _aP75
526 _aP74
526 _aP27
526 _aP15
600 1 _aSánchez Carrión, José Faustino.
_d1787-1825
650 0 4 _aBiografías históricas
_zPerú.
700 1 _aPacheco Vélez, César,
_d1929-1989.
710 2 _a.Comisión Nacional del Sesquicentenario de la Independencia del Perú
942 _2ddc
_cBK
949 _aRC 985 D 1 / 10
_wDEWEY
_c1
_i16973
_lRC
_mBUL
_r0
_sY
_tBOOK
_u2015-6-25
_xBIBLIOTECA
_zUNKNOWN
_0COMPRA
_o.CIRCNOTE. No olvidar cambiar la fecha de devolución!!!!!!!
_o.STAFF. Colección General
999 _c41740
_d41740
980 _81
_gALBERTO SANCHEZ Responsable de Automatización